[Event "Lazy op-A 6th"]
[Site "Lazy"]
[Date "2010.06.30"]
[Round "4"]
[White "Kucypera, Malgorzata"]
[Black "Sokolowski, Ryszard"]
[Result "1-0"]
[WhiteElo "2068"]
[BlackElo "2143"]
[PlyCount "59"]
[EventDate "2010.06.27"]
[EventType "swiss"]
[EventRounds "9"]
[EventCountry "POL"]
[SourceTitle "CBM 137 Extra"]
[Source "ChessBase"]
[SourceDate "2010.09.01"]
[SourceVersion "1"]
[SourceVersionDate "2010.09.01"]
[SourceQuality "1"]

1. e4 c5 2. Nf3 e6 3. d4 cxd4 4. Nxd4 a6 5. Bd3 Bc5 6. Nb3 Be7 7. 0-0 d6 8. Nc3 Nd7 9. f4 Ngf6 10. a4 b6 11. Qe2 Qc7 12. Bd2 Bb7 13. Rae1 0-0 14. Rf3 Nc5 15. Nxc5 Qxc5+ 16. Kh1 b5 17. Rh3 e5 18. axb5 axb5 19. Bxb5 exf4 20. Bxf4 Qb4 21. b3 Nxe4 22. Bc4 Nxc3 23. Qxe7 Ne4 24. Qh4 h6 25. Rf1 Qc5 26. Bxh6 Ra1 27. Bxf7+ Rxf7 28. Qd8+ Kh7 29. Bxg7+ Kg6 30. Rh6+ 1-0